000 00293nam a22001337a 4500
008 181226b xxu||||| |||| 00| 0 eng d
020 _a0395500419
041 _aeng
080 _23 TH
_a370
100 _a49
101 _aEDU
245 _aThe Informed Writer
_cCharles.B
942 _2udc
_cBK
999 _c53784
_d53784